000 00614nam a2200193 i 4500
001 70481
003 ES-MaACL
005 20231227185620.0
007 t|
008 040726s1948 sp ||||1| spa d
100 1 _aGarcía Valdecasas, Alfonso,
_d1904-1993
_955354
245 1 3 _aEl hidalgo y el honor /
_cAlfonso García Valdecasas y García Valdecasas.
260 _aMadrid :
_bRevista de Occidente,
_c[1948] (
_fVda. de Galo Sáez)
300 _a253 p., 8 h. de lám. ;
_c19 cm.
650 4 _aHonor-
_zEspaña.
_9171930
650 4 _aHidalgos.
_9171931
852 _aES-MaACL
_jC-5602
999 _c70481
_d70481